|
|
|
|
| LEADER |
01256pam a22002658a 4500 |
| 001 |
00022952 |
| 005 |
20171026081022.0 |
| 008 |
110607s2007 ||||||Viesd |
| 041 |
0 |
# |
|a Vie
|
| 082 |
1 |
4 |
|a 372.6
|b PH110TR
|
| 100 |
0 |
# |
|a Nguyễn Thị Xuân Yến
|
| 245 |
0 |
0 |
|b Giáo trình đào tạo giáo viên tiểu học hệ Đại học sư phạm
|c Nguyễn Thị Xuân Yến, Lê Thị Thanh Nhàn
|a Phát triển lời nói cho học sinh tiểu học trên bình diện ngữ âm
|
| 260 |
# |
# |
|b Giáo dục
|c 2007
|a H.
|
| 300 |
# |
# |
|c 27 cm.
|a 148 tr.
|
| 500 |
# |
# |
|a Đầu bìa sách ghi : Bộ Giáo dục và Đào tạo. Dự án phát triển giáo viên Tiểu học
|
| 650 |
# |
4 |
|a Giáo dục
|
| 653 |
# |
# |
|a Ngữ âm
|
| 653 |
# |
# |
|a Tiểu học
|
| 700 |
0 |
# |
|a Lê Thị Thanh Nhàn
|e tác giả
|
| 852 |
# |
# |
|b Kho giáo trình
|j KGT.0022929, KGT.0022930, KGT.0022931, KGT.0022932, KGT.0022933
|
| 852 |
# |
# |
|b Kho mượn
|j KGT.0022929
|
| 852 |
# |
# |
|b Kho đọc
|j KD.0009696
|
| 852 |
# |
# |
|j KD.0009696
|j KGT.0022930
|j KGT.0022931
|j KGT.0022933
|j KGT.0022929
|j KGT.0022932
|
| 910 |
0 |
# |
|a nhnam
|d 07/06/2011
|
| 980 |
# |
# |
|a Trung tâm Học liệu Lê Vũ Hùng, Trường Đại học Đồng Tháp
|